000 00675nam a2200217Ia 4500
003 GCL
008 140319s9999 xx 000 0 ara d
040 _aGCL /
_cGCL
082 0 4 _a740
_bع ف
100 1 _aعنايات المهدى
245 1 0 _aفن الزخرفة: الفرعونى , الاشورى , البدائى والقديم /
_cعنايات المهدى
260 _a[S.N] :
_bمكتبة ابن سيناء ،
_c1993
300 _a127 ص
490 _a
650 0 4 _aالفن
650 0 4 _aالزخرفة
650 0 4 _aالفن الزخرفى
650 0 4 _aالتصميم الزخرفى
650 0 4 _aالزخرفة المعمارية
942 _2ddc
_cBK
999 _c58501
_d58501